Divi-divi: Caesalpina Coriaria (Record no. 504224)

000 -LEADER
fixed length control field 00366cam a22001217a 4500
008 - FIXED-LENGTH DATA ELEMENTS--GENERAL INFORMATION
fixed length control field 180718b1928 xxu||||| |||| 00| 0 eng d
082 ## - DEWEY DECIMAL CLASSIFICATION NUMBER
Classification number T2x5452
100 ## - MAIN ENTRY--PERSONAL NAME
Personal name Choudary, K. Seshachalam
245 ## - TITLE STATEMENT
Title Divi-divi: Caesalpina Coriaria
Statement of responsibility, etc. by K. Seshachalam Choudary
260 ## - PUBLICATION, DISTRIBUTION, ETC.
Place of publication, distribution, etc. Madras
Name of publisher, distributor, etc. Government Press
Date of publication, distribution, etc. 1928
300 ## - PHYSICAL DESCRIPTION
Extent 20p.
700 ## - ADDED ENTRY--PERSONAL NAME
Personal name Madras. Department of Industries
Holdings
Withdrawn status Lost status Damaged status Not for loan Permanent Location Current Location Date acquired Full call number Barcode Date last seen Price effective from Koha item type
        Indian Institute of Public Administration Indian Institute of Public Administration 2018-08-04 T2x5452 GG33167 2018-08-04 2018-08-04 GG

Powered by Koha